LEADER 01439nam0 2200313 i 450 001 MIL0454862 005 20251003044233.0 020 $aIT$b2000-12977 100 $a20020226d1999 ||||0itac50 ba 101 | $aita 102 $ait 181 1$6z01$ai $bxxxe 182 1$6z01$an 200 1 $aˆL'‰insegnamento universitario in Italia$egiornata di studio, Roma, 21 gennaio 1999 210 $aRoma$cAccademia nazionale dei Lincei$d1999 215 $a102 p.$d26 cm. 225 | $aAtti dei convegni lincei$fAccademia nazionale dei Lincei$v155 410 0$1001CFI0002532$12001 $aAtti dei convegni lincei$fAccademia nazionale dei Lincei$v155$171202$aAccademia nazionale dei Lincei$3CFIV002279 606 $aUniversità$xDidattica$2FIR$3CFIC090372$9E 676 $a378.00945$9(v.378.45)EDUCAZIONE SUPERIORE IN ITALIA$v20 676 $a378.125$9INSEGNAMENTO UNIVERSITARIO$v21 801 3$aIT$bIT-000000$c20020226 850 $aIT-BN0095 $aIT-NA0079 901 $bNAP 01$cCOLL.ITA $n$ 912 $aMIL0454862 950 0$aBiblioteca Centralizzata di Ateneo$cv. 5; 14-16; 21; 25; 30; 47; 80; 82; 95 ; 112; 122; 129; 134; 154-155; 178; 181; 196; 198; 202; 204-205; 222; 232; 237$d 01COLL.ITA Atti Lincei 155$e 0104 0000016415 VMA (0155 v. 155$fY $h20100727$i20100727 977 $a 01$a BN 996 $aInsegnamento universitario in Italia$9108440 997 $aUNISANNIO